| 000 | 00399nam a2200145Ia 4500 | ||
|---|---|---|---|
| 008 | 231221s9999 xx 000 0 und d | ||
| 041 | _aEnglish | ||
| 082 | _a510 RAN;1 R | ||
| 100 | _aRanganath, G.K and Navasimha Rao, T.V | ||
| 245 | 0 | _aBBM Business Mathematics | |
| 250 | _a2nd ed. | ||
| 260 |
_c2006 _bHimalaya Publishing House _aMumbai |
||
| 650 | _aBBM,Business,Mathematics | ||
| 942 | _cBM | ||
| 999 |
_c201875 _d201875 |
||